La fé en la periferia del mundo: el caminar de la Iglesia con los oprimidos

Na minha lista:
Detalhes bibliográficos
Autor principal: Boff, Leonardo (Author)
Formato: Livro
Idioma:espanhol
Publicado em: Santander Sal Terrae 1985
Edição:2a. ed
Colecção:Colección Presencia Teológica, 10
Assuntos:
Tags: Adicionar Tag
Sem tags, seja o primeiro a adicionar uma tag!

MARC

LEADER 00000nam a2200000 a 4500
001 UCX1928
003 CL-VaPUC
008 901123e19850000SP |||||||||||||||||spa|d
020 |a 8429305920 
082 0 4 |a 261.8  |b BOF  |2 21 
100 0 |a Boff, Leonardo  |e author  |9 317637 
245 1 3 |a La fé en la periferia del mundo: el caminar de la Iglesia con los oprimidos 
250 |a 2a. ed 
300 |a 262 p 
942 |c BK 
945 |d 19901123 00:00:00 
260 |a Santander  |b Sal Terrae  |c 1985 
650 0 |a Teología de la liberación   |9 255471 
583 |a last modification  |c 19901123 00:00:00  |k Rodrigo Vera 
490 0 |a Colección Presencia Teológica, 10 
999 |c 223056  |d 223054 
952 |0 0  |1 0  |4 0  |6 261_800000000000000_BOF_1985  |7 0  |8 F  |9 218478  |a BIBTEO  |b BIBTEO  |d 2019-11-15  |i 2873001  |o 261.8 BOF 1985  |p 2873001  |r 2025-01-17  |w 2019-11-15  |y BK_F  |k ICR